Дело по прошению семипалатинского первой гильдии купца Гудовича об удовлетворении его за сверхсметные работы по возведению генер...

Доступно только в Электронных читальных залах Найти на картеНа карте
RUSMARC
00003829nmc2a22000003x 450
0010bbedbfc-6cd3-417c-8104-942b406b0739
00520200305182928.0
100##$a20180907l18661867k l0rusy0189 ca
1010#$arus
102##$aRU
2001#$aДело по прошению семипалатинского первой гильдии купца Гудовича об удовлетворении его за сверхсметные работы по возведению генерал-губернаторского дома в городе Омске и о выдаче 100 рублей на путевые издержки в Сибирь
$j12 мая 1866 г. - 21 декабря 1867 г.
251##$cДело
300##$aДело
801#0$aRU
$bРГИА
$c20180907
$gRCR
801#1$aRU
$bГлавНИВЦ
$c20180907
$2rusmarc
801#2$aRU
$bПБ им. Б.Н. Ельцина
$c20200305
$gRCR
$2rusmarc
850##$aРГИА
852##$aРГИА
$eФедеральное казенное учреждение "Российский государственный исторический архив" (РГИА)
$j765
937##$hРГИА
$d12292721
$aASBIBLIO_SCAN
462#0$1001d8f9f7d4-b5a2-42ce-9901-502471366df6
$12001
$aДела Департамента полиции исполнительной МВД за 1866 год
$1251
$cОпись
$1852
$j27
$l1866 г.
461#0$10013e300ed0-cd39-49af-8489-5ba5b90fa401
$12001
$aДепартамент полиции исполнительной МВД
$1251
$cФонд
$1852
$j1286
215##$a32 л.
$d36,5х26 см
371##$aДокумент не является опубликованным и широко распространяемым
105##$ay###
1222#$ad
035##$a0bbedbfc-6cd3-417c-8104-942b406b0739
856##$uhttp://readingroom.main.prlib.ru/item.aspx?id_node=n143078530&mode=full
Формат отображения